| 000 | 00887nam a2200277Ia 4500 | ||
|---|---|---|---|
| 003 | OSt | ||
| 005 | 20220925205625.0 | ||
| 006 | a|||||r|||| 00| 0 | ||
| 007 | ta | ||
| 008 | 220923b |||||||| |||| 00| 0 eng d | ||
| 020 |
_a0471482803 _c3810.01 |
||
| 037 |
_b347, 04/12/2006, SHUBHAM BOOK SUPPLIER _cGeneral Book |
||
| 040 |
_aRTL _cRTL _beng |
||
| 041 |
_2eng _aeng |
||
| 082 | _aU:(G:55), P5 | ||
| 100 |
_aMarsh William M _9270562 |
||
| 245 | 0 |
_aEnvironmental geography _b Science, land use and ear |
|
| 250 | _a3rd | ||
| 260 |
_aHoboken _bJohn Wiley & Sons Inc. _c2005 |
||
| 300 |
_axvi, 455p _ccm. |
||
| 500 | _aBibliography p449-455; Glossary p429-445 | ||
| 650 | _aGeography | ||
| 700 |
_a Grossa John _9270563 |
||
| 942 |
_hU:(G:55), P5 _cGB _2CC |
||
| 999 |
_c552651 _d552651 |
||